000 00689nam a2200193Ia 4500
008 151121s9999||||xx |||||||||||||| ||und||
082 _a920/काळे
082 _bHNW-69116
100 _aकाळे किशोर शांताबाई।
245 _aमी डॉक्टर झालो
260 _b"आपलं प्रकाशन, मुंबई।"
260 _c--
300 _a120
600 _aकाळे किशोर शांताबाई।
630 _aमी डॉक्टर झालो
700 _aकाळे किशोर शांताबाई।
730 _aमी डॉक्टर झालो
942 _cBOOK
999 _c1250604
_d1250601